Countries Covered in Google Street View - Statistics

General Stats
  • This quiz has been taken 70 times
    41 since last reset
  • The average score is 73 of 88
Answer Stats
Release Date Country % Correct
2007, May 25 United States of America
100%
2008, August 4 Australia
97%
2009, October 7 Canada
97%
2008, July 2 France
97%
Indonesia
97%
Japan
97%
2009, November 9 Mexico
97%
2008, December 1 New Zealand
97%
2012, February 22 Russia
97%
2009, March 18 United Kingdom
97%
2010, September 30 Brazil
93%
2010, January 21 Denmark
93%
2010, February 9 Finland
93%
2010, November 2 Germany
93%
Malaysia
93%
Norway
93%
2009, December 2 Singapore
93%
2012, January 24 South Korea
93%
2008, October 27 Spain
93%
Sweden
93%
2014, September 26 Argentina
90%
Chile
90%
2013, September 3 Colombia
90%
Ireland
90%
Italy
90%
2013, August 14 Peru
90%
2012, March 21 Poland
90%
2009, August 18 Portugal
90%
Taiwan
90%
2015, October 22 Turkey
90%
2016, November 10 Albania
86%
2018, July 11 Austria
86%
2011, November 22 Belgium
86%
2015, November 12 Bolivia
86%
2013, March 6 Bulgaria
86%
Croatia
86%
Czech Republic
86%
2012, May 14 Estonia
86%
2010, March 11 Hong Kong
86%
Latvia
86%
2013, January 31 Lithuania
86%
Luxembourg
86%
Macau
86%
2012, October 30 Slovakia
86%
2014, January 29 Slovenia
86%
2010, June 8 South Africa
86%
Switzerland
86%
Ukraine
86%
2014, December 8 United Arab Emirates
86%
2012, September 25 Andorra
83%
2014, June 5 Greece
83%
2011, July 8 Monaco
83%
Netherlands
83%
2010, December 8 Romania
83%
Thailand
83%
2020, April 23 Vietnam
83%
2012, November 28 Botswana
79%
Ecuador
79%
2013, April 23 Hungary
79%
2013, October 10 Iceland
79%
2012, April 19 Israel
79%
2018, October 5 Kenya
79%
Laos
79%
2015, October 8 North Macedonia
79%
2012, June 19 San Marino
79%
2014, July 23 Serbia
79%
2015, December 2 Uruguay
79%
2017, February 8 Ghana
76%
2017, April 25 Guatemala
76%
Montenegro
76%
2017, July 27 Nigeria
76%
2015, September 16 Philippines
76%
2014, August 20 Cambodia
72%
2017, June 14 Malta
72%
2017, March 18 Tunisia
72%
Uganda
72%
2018, April 20 Jordan
69%
2016, March 21 Sri Lanka
69%
Lesotho
66%
Senegal
66%
2015, January 21 Bangladesh
62%
2020, June 18 Dominican Republic
62%
2016, May 5 Kyrgyzstan
62%
2014, October 23 Bhutan
59%
2015, July 14 Mongolia
59%
2013, September 25 Eswatini
55%
2015, March 11 Nepal
48%
2015, May 6 Madagascar
45%
No matching quizzes found
Score Distribution
Percent of People with Each Score
Percentile by Number Answered
Your Score History
You have not taken this quiz since the last reset